Random Countries on the World Map - Sudden Death - Statistics

General Stats
  • This quiz has been taken 1,409 times
  • The average score is 11 of 20
Answers on the Map
Answers color-coded by a green-red scale on the quiz's map according to % correct below.
 
Answer Stats
Country % Correct
United States
100%
Denmark
95%
Canada
94%
Chile
94%
Mexico
94%
Brazil
88%
Mongolia
87%
Russia
87%
Bahamas
85%
Iceland
85%
Cape Verde
84%
Norway
84%
United Kingdom
84%
India
83%
Ireland
83%
Algeria
79%
Cuba
79%
China
78%
Kazakhstan
78%
Madagascar
78%
France
77%
Peru
77%
Portugal
76%
Morocco
75%
Saudi Arabia
75%
Australia
74%
Italy
74%
Bolivia
73%
Finland
73%
Panama
73%
Tunisia
73%
Ukraine
73%
Argentina
72%
Iran
72%
Venezuela
72%
Germany
71%
Greece
71%
Japan
71%
South Africa
71%
Turkey
71%
Belarus
70%
Spain
70%
Egypt
69%
Sweden
69%
Nepal
68%
Pakistan
68%
Paraguay
68%
Poland
68%
Chad
67%
Colombia
67%
Libya
67%
Mali
67%
Slovenia
66%
Switzerland
66%
Kiribati
65%
New Zealand
65%
Costa Rica
64%
Ecuador
64%
Latvia
64%
Netherlands
64%
North Korea
64%
Czech Republic
63%
Democratic Republic of the Congo
63%
Hungary
63%
Indonesia
63%
Namibia
63%
Oman
63%
Somalia
63%
Vatican City
63%
Angola
62%
Ethiopia
62%
Jordan
62%
Niger
62%
Yemen
62%
Belgium
61%
Belize
61%
Bulgaria
61%
Estonia
61%
Sudan
61%
Taiwan
61%
Malta
60%
Romania
60%
Tanzania
60%
Uruguay
60%
Burkina Faso
58%
Central African Republic
58%
Croatia
58%
Haiti
58%
Luxembourg
58%
Syria
58%
Andorra
57%
Bangladesh
56%
Guyana
56%
Moldova
56%
Papua New Guinea
56%
Qatar
56%
South Korea
56%
Uganda
56%
Vietnam
56%
Albania
55%
Guinea
55%
Honduras
55%
Iraq
55%
Lithuania
55%
Mauritania
55%
Afghanistan
54%
Eritrea
54%
Kenya
54%
Kuwait
54%
Sri Lanka
54%
Bhutan
53%
Malaysia
53%
Senegal
53%
South Sudan
53%
Zambia
53%
Nicaragua
52%
Seychelles
52%
Austria
51%
Cambodia
51%
Eswatini
51%
Jamaica
51%
Monaco
51%
Philippines
51%
Trinidad and Tobago
51%
El Salvador
50%
Serbia
50%
United Arab Emirates
50%
Uzbekistan
50%
Mozambique
49%
Myanmar
49%
North Macedonia
49%
Turkmenistan
49%
Botswana
48%
Kyrgyzstan
48%
Azerbaijan
47%
Georgia
47%
Sierra Leone
47%
Tajikistan
47%
Dominican Republic
46%
Laos
46%
Thailand
46%
Benin
45%
Cyprus
45%
Singapore
45%
Kosovo
44%
Israel
43%
Republic of the Congo
43%
Rwanda
43%
San Marino
43%
Gabon
42%
Ghana
42%
Guatemala
42%
Maldives
42%
Togo
42%
Bosnia and Herzegovina
41%
Comoros
41%
Djibouti
41%
Liberia
41%
Armenia
40%
East Timor
40%
São Tomé and Príncipe
40%
Suriname
40%
Zimbabwe
40%
Montenegro
39%
Lesotho
38%
Bahrain
37%
Cameroon
37%
Liechtenstein
37%
Equatorial Guinea
36%
Lebanon
36%
Malawi
36%
Slovakia
36%
Nauru
35%
Mauritius
34%
Burundi
33%
Ivory Coast
32%
Palau
31%
Fiji
29%
Solomon Islands
29%
Brunei
28%
Dominica
26%
Gambia
26%
Marshall Islands
25%
Vanuatu
25%
Antigua and Barbuda
24%
Federated States of Micronesia
24%
Barbados
22%
Samoa
21%
Grenada
18%
Tonga
18%
Nigeria
16%
Saint Kitts and Nevis
13%
Tuvalu
12%
Saint Vincent and the Grenadines
11%
Saint Lucia
7%
Guinea-Bissau
6%
No matching quizzes found
Score Distribution
Percent of People with Each Score
Percentile by Number Answered
Your Score History
You have not taken this quiz